Daddy Cop (Arrest Me, But Make It Sexy) - Statistics

General Stats
  • This quiz has been taken 3 times
  • The average score is 126 of 198
Answer Stats
Answer % Correct
A
100%
Are
100%
Arrest
100%
Baton
100%
But
100%
Cop
100%
Daddy
100%
Happy
100%
I
100%
In
100%
Is
100%
It
100%
Just
100%
Make
100%
Me
100%
me
100%
Or
100%
Pocket
100%
See
100%
Sexy
100%
That
100%
To
100%
You
100%
Your
100%
Ahead
50%
ANd
50%
and
50%
And
50%
Arrested
50%
Arsons
50%
Back
50%
Blue
50%
Booties
50%
By
50%
Can
50%
Car
50%
Chase
50%
Cuffs
50%
Cute
50%
Cuties
50%
Doing
50%
Down
50%
Flirtation
50%
Fraud
50%
Get
50%
Go
50%
He
50%
I'm
50%
Like
50%
Lock
50%
Looks
50%
Meth
50%
My
50%
Navy
50%
Now
50%
Of
50%
On-Duty
50%
Please
50%
Put
50%
Puts
50%
Sell
50%
She
50%
Short
50%
Shorty
50%
So
50%
Some
50%
Start
50%
Station
50%
Take
50%
Tax
50%
The
50%
This
50%
Up
50%
Verbal
50%
Wants
50%
We'll
50%
Yeah
50%
Arms
0%
Butt
0%
Fluff
0%
Got
0%
His
0%
I've
0%
Let
0%
Made
0%
Ow!
0%
Own
0%
Pink
0%
They're
0%
Walk
0%
With
0%
No matching quizzes found
Score Distribution
Percent of People with Each Score
Percentile by Number Answered
Your Score History
You have not taken this quiz